<?xml version="1.0" encoding="UTF-8"?>
<collection xmlns="http://www.loc.gov/MARC21/slim">
 <record>
  <leader>     na                 </leader>
  <controlfield tag="001">INLIS000000000694256</controlfield>
  <controlfield tag="005">20220705101440</controlfield>
  <datafield tag="035" ind1=" " ind2=" ">
   <subfield code="a">0010-0722000018</subfield>
  </datafield>
  <controlfield tag="006">a      b    ||| |</controlfield>
  <controlfield tag="007">ta</controlfield>
  <controlfield tag="008">220705                g          0 ind  </controlfield>
  <datafield tag="040" ind1=" " ind2=" ">
   <subfield code="a">JIPUBAY</subfield>
  </datafield>
  <datafield tag="100" ind1="0" ind2=" ">
   <subfield code="a">Irmawati Carolina,</subfield>
   <subfield code="e">Pengarang</subfield>
   <subfield code="e">Irmawati Carolina,</subfield>
   <subfield code="e">Pengarang</subfield>
  </datafield>
  <datafield tag="245" ind1="1" ind2=" ">
   <subfield code="a">Statistika /</subfield>
   <subfield code="c">Irmawati Carolina, Rachman Komarudin, Kresna Ramanda</subfield>
  </datafield>
  <datafield tag="250" ind1=" " ind2=" ">
   <subfield code="a">Edisi.1, Cetakan pertama</subfield>
  </datafield>
  <datafield tag="300" ind1=" " ind2=" ">
   <subfield code="a">xix, 74 halaman :</subfield>
   <subfield code="b">ilustrasi ;</subfield>
   <subfield code="c">24 cm</subfield>
  </datafield>
  <datafield tag="020" ind1=" " ind2=" ">
   <subfield code="a">978-623-228-890-4</subfield>
  </datafield>
  <datafield tag="082" ind1=" " ind2=" ">
   <subfield code="a">310.7</subfield>
  </datafield>
  <datafield tag="084" ind1=" " ind2=" ">
   <subfield code="a">310.7 IRM s</subfield>
  </datafield>
  <datafield tag="264" ind1=" " ind2=" ">
   <subfield code="a">Yogyakarta : :</subfield>
   <subfield code="b">Graha Ilmu,,</subfield>
   <subfield code="c">2021</subfield>
  </datafield>
  <datafield tag="336" ind1=" " ind2=" ">
   <subfield code="2">rdacontent</subfield>
   <subfield code="a">teks</subfield>
  </datafield>
  <datafield tag="337" ind1=" " ind2=" ">
   <subfield code="2">rdamedia</subfield>
   <subfield code="a">tanpa perantara</subfield>
  </datafield>
  <datafield tag="338" ind1=" " ind2=" ">
   <subfield code="2">rdacarrier</subfield>
   <subfield code="a">volume</subfield>
  </datafield>
  <datafield tag="504" ind1=" " ind2=" ">
   <subfield code="a">Bibliografi : halaman 73-74</subfield>
  </datafield>
  <datafield tag="520" ind1=" " ind2=" ">
   <subfield code="a">Statistika atau statistik adalah suatu ilmu yang digunakan untuk memecahkan suatu permasalahan dengan menggunakan beberapa tahapan yaitu pengumpulan data, pengolahan data, analisis data dan inter free Tasi data serta kesimpulan dan keputusan yang diambil berdasarkan analisis yang telah dilakukan. Statistik statistik adalah sekumpulan data baik berupa bilangan atau angka maupun non angka yang menggambarkan sesuatu, yang telah tersusun teratur dalam bentuk tabel atau grafik / Diagram maupun yang belum tersusun teratur. Dari pengertian di atas, maka statistika dapat dibedakan menjadi dua, yaitu: satu statistika deskriptif yaitu statistika yang digunakan untuk menggambarkan atau menganalisis suatu stase statistika hasil penelitian, tetapi tidak digunakan untuk membuat kesimpulan yang lebih luas frenzy Sugiono, 2007 2. Statistika Inferensi atau statistika induktif yaitu statistika yang digunakan untuk menganalisis data sampel, dan hasilnya akan di Generalisasi kan atau di Inferensi kan untuk populasi di mana sampel diambil Sugiono, 2007</subfield>
  </datafield>
  <datafield tag="650" ind1=" " ind2="4">
   <subfield code="a">Statistik--</subfield>
   <subfield code="x">Studi dan pengajaran</subfield>
  </datafield>
  <datafield tag="700" ind1="0" ind2=" ">
   <subfield code="a">Rachman Komarudin,</subfield>
   <subfield code="e">pengarang</subfield>
  </datafield>
  <datafield tag="700" ind1="0" ind2=" ">
   <subfield code="a">Kresna Raman</subfield>
   <subfield code="e">pengarang</subfield>
  </datafield>
  <datafield tag="850" ind1=" " ind2=" ">
   <subfield code="a">JIPUBAY</subfield>
  </datafield>
 </record>
</collection>
